UBT Library

Principles of human physiology / (Record no. 43218)

000 -LEADER
fixed length control field 00881cam a2200265 a 4500
001 - CONTROL NUMBER
control field 14583971
005 - DATE AND TIME OF LATEST TRANSACTION
control field 20180222084408.0
008 - FIXED-LENGTH DATA ELEMENTS--GENERAL INFORMATION
fixed length control field 061005s2008 caua 001 0ceng
010 ## - LIBRARY OF CONGRESS CONTROL NUMBER
LC control number 2006051433
020 ## - INTERNATIONAL STANDARD BOOK NUMBER
International Standard Book Number 0805382879
020 ## - INTERNATIONAL STANDARD BOOK NUMBER
International Standard Book Number 9780805382877
020 ## - INTERNATIONAL STANDARD BOOK NUMBER
International Standard Book Number 0805382860 (set)
020 ## - INTERNATIONAL STANDARD BOOK NUMBER
International Standard Book Number 9780805382860 (set)
035 ## - SYSTEM CONTROL NUMBER
System control number (OCoLC)ocm72799913
040 ## - CATALOGING SOURCE
Original cataloging agency DLC
Transcribing agency DLC
Modifying agency YDX
-- YDXCP
-- BAKER
-- BTCTA
-- DLC
041 ## - LANGUAGE CODE
Language code of text/sound track or separate title eng
080 ## - UNIVERSAL DECIMAL CLASSIFICATION NUMBER
Universal Decimal Classification number 612 STA
082 00 - DEWEY DECIMAL CLASSIFICATION NUMBER
Classification number 612 STA
Edition number 22
100 1# - Rafti
Rafti 7
101 ## - Shkurtesa
Shkurtesa ANA
245 10 - TITLE STATEMENT
Title Principles of human physiology /
Statement of responsibility, etc Cindy L. Stanfield, William J. Germann ; contributors, Mary Jane Niles, Joseph G. Cannon.
906 ## - LOCAL DATA ELEMENT F, LDF (RLIN)
a 7
b cbc
c orignew
d 1
e ocip
f 20
g y-gencatlg
942 ## - ADDED ENTRY ELEMENTS (KOHA)
Source of classification or shelving scheme
Item type Books
Holdings
Withdrawn status Lost status Source of classification or shelving scheme Damaged status Not for loan Collection code Permanent location Current location Shelving location Date acquired Total Checkouts Full call number Barcode Date last seen Price effective from Koha item type
          Koleksioni i përgjithshem UBT - Lipjan UBT - Lipjan Koleksioni i përgjithshem 02/22/2018   612 STA 002-2999584 02/22/2018 02/22/2018 Books
UBT Library © 2015-2024. All rights reserved University Education for Business and Technology